000 00441nam a2200169Ia 4500
999 _c84
_d84
003 OSt
005 20210825143024.0
008 190216s9999||||xx |||||||||||||| ||und||
040 _coclc
082 _a297
_bAMI/D
100 _aAmin, Ahmad
_98680
245 0 _aDuhal Islam /
_cAhmad Amin
260 _bDarul Kitabul Arabiyya,
_aBeirut:
300 _a410p
650 _aArabic
942 _cBK
_2ddc
_h297
_iAMI/D
_k297
_mAMI/D